| 000 | 00438nam a2200169Ia 4500 | ||
|---|---|---|---|
| 003 | GCL | ||
| 008 | 140319s9999 xx 000 0 ara d | ||
| 040 |
_aGCL / _cGCL |
||
| 082 | 0 | 4 |
_a812.043 _bا م |
| 100 | 1 | _aامين صدقى | |
| 245 | 1 | 0 |
_aمسرحية اسم الله عليه / _cامين صدقى |
| 300 | _a131 | ||
| 490 |
_a100 قصة _v0 |
||
| 650 | 0 | 4 | _aالادب العربى |
| 650 | 0 | 4 | _aمسرحيات |
| 942 |
_2ddc _cBK |
||
| 999 |
_c43790 _d43790 |
||